Central Library OPAC University of Rajshahi

Mishkat al-masabih : (Record no. 59382)

MARC details
000 -LEADER
fixed length control field 00641nam a2200217 a 4500
001 - CONTROL NUMBER
control field 59382
003 - CONTROL NUMBER IDENTIFIER
rucl marc code BD-RjUL
005 - DATE AND TIME OF LATEST TRANSACTION
control field 20211209080725.0
008 - FIXED-LENGTH DATA ELEMENTS--GENERAL INFORMATION
fixed length control field 161224s1965 pk 000 0 beno
035 ## - SYSTEM CONTROL NUMBER
System control number (BD-RjUL)59506
040 ## - CATALOGING SOURCE
Original cataloging agency BD-RjUL
Transcribing agency BD-RjUL
Modifying agency BD-RjUL
Language of cataloging eng
041 ## - LANGUAGE CODE
Language code of text/sound track or separate title eng
082 ## - DEWEY DECIMAL CLASSIFICATION NUMBER
Edition number 23
Classification number 297.125
Author mark and year ROM 1965
100 1# - MAIN ENTRY--PERSONAL NAME
Personal name Robson, James
9 (RLIN) 176617
245 ## - TITLE STATEMENT
Title Mishkat al-masabih :
Remainder of title English translation with explanatory notes /
Statement of responsibility, etc. James Robson
260 ## - PUBLICATION, DISTRIBUTION, ETC. (IMPRINT)
Place of publication, distribution, etc. Lahore, Pak. :
Name of publisher, distributor, etc. SH. Muhammad Ashraf,
Date of publication, distribution, etc. c1965
300 ## - PHYSICAL DESCRIPTION
Pagination v.
Size 25 cm.
505 0# - FORMATTED CONTENTS NOTE
Formatted contents note v. 4. (Being Parts XVI-XVIII) --
650 ## - SUBJECT ADDED ENTRY--TOPICAL TERM
Topical term or geographic name as entry element Hadith
9 (RLIN) 176618
942 ## - ADDED ENTRY ELEMENTS (KOHA)
Source of classification or shelving scheme Dewey Decimal Classification
Koha item type Books
Holdings
Lost status Source of classification or shelving scheme Damaged status Not for loan Collection code Permanent Location Current Location Shelving location Date acquired Source of acquisition Cost, normal purchase price Total Checkouts Full call number Date last seen Copy number Koha item type
  Dewey Decimal Classification   Not For Loan Non-fiction Central Library, University of Rajshahi Central Library, University of Rajshahi Reading Room 31/05/1967 Rajshahi, Farooq, library 72.00   297.125 ROM V-4 1965 24/12/2016 C-1 Books
  Dewey Decimal Classification     Non-fiction Central Library, University of Rajshahi Central Library, University of Rajshahi General Stacks 07/04/1967 S.M. Mir. Karachi 60.00   297.125 ROM V-4 1965 27/07/2025 C-2 Books